| 000 | 00433nam a2200181Ia 4500 | ||
|---|---|---|---|
| 005 | 20250423095836.0 | ||
| 008 | 250422s9999 xx 000 0 und d | ||
| 020 | _a978-0-07-462250-6 | ||
| 050 | _aBF 131 .I58/ | ||
| 245 | 0 | _aIntroduction to psychology | |
| 250 | _a7th ed. | ||
| 260 | _aNew Delhi | ||
| 260 | _bTata McGraw Hill Eduction Private | ||
| 260 | _c2009 | ||
| 300 | _a724 p | ||
| 650 | _aPsychonomic | ||
| 942 | _cBK | ||
| 999 |
_c31500 _d31500 |
||